Breaking dawn (Record no. 4060)

MARC details
000 -LEADER
fixed length control field 01539cam a22004333a 4500
001 - CONTROL NUMBER
control field 18068012
003 - CONTROL NUMBER IDENTIFIER
control field OSt
005 - DATE AND TIME OF LATEST TRANSACTION
control field 20250627112005.0
008 - FIXED-LENGTH DATA ELEMENTS--GENERAL INFORMATION
fixed length control field 140314t20122008nyu j 000 f eng
010 ## - LIBRARY OF CONGRESS CONTROL NUMBER
LC control number 2013659904
020 ## - INTERNATIONAL STANDARD BOOK NUMBER
International Standard Book Number 9780316226134 (pbk.)
020 ## - INTERNATIONAL STANDARD BOOK NUMBER
International Standard Book Number 0316226130 (pbk.)
035 ## - SYSTEM CONTROL NUMBER
System control number (OCoLC)ocn809939216
040 ## - CATALOGING SOURCE
Original cataloging agency NYP
Transcribing agency NYP
Modifying agency OCLCO
-- DLC
042 ## - AUTHENTICATION CODE
Authentication code lccopycat
050 00 - LIBRARY OF CONGRESS CALL NUMBER
Classification number CPB Box no. 3753 vol. 2
082 ## - DEWEY DECIMAL CLASSIFICATION NUMBER
Classification number 813.6MEY
100 1# - MAIN ENTRY--PERSONAL NAME
Personal name Meyer, Stephenie,
Dates associated with a name 2008
245 10 - TITLE STATEMENT
Title Breaking dawn
Statement of responsibility, etc. Stephenie Meyer.
250 ## - EDITION STATEMENT
Edition statement 2nd media tie-in ed.
260 ## - PUBLICATION, DISTRIBUTION, ETC. (IMPRINT)
Place of publication, distribution, etc. New York :
Name of publisher, distributor, etc. Megan Tingley Books/Little, Brown and Co.,
Date of publication, distribution, etc. 2012, c2008.
300 ## - PHYSICAL DESCRIPTION
Extent 702 p. ;
Dimensions 18 cm.
490 0# - SERIES STATEMENT
Series statement MT books
490 0# - SERIES STATEMENT
Series statement The Twilight saga
500 ## - GENERAL NOTE
General note Originally published: New York : Little, Brown, 2008.
520 ## - SUMMARY, ETC.
Summary, etc. Although eighteen-year-old Bella joins the dark but seductive world of the immortals by marrying Edward the vampire, her connection to the powerful werewolf Jacob remains unsevered.
650 #0 - SUBJECT ADDED ENTRY--TOPICAL TERM
Topical term or geographic name as entry element Vampires
Form subdivision Fiction.
650 #0 - SUBJECT ADDED ENTRY--TOPICAL TERM
Topical term or geographic name as entry element Werewolves
Form subdivision Fiction.
650 #0 - SUBJECT ADDED ENTRY--TOPICAL TERM
Topical term or geographic name as entry element Paranormal fiction.
650 #0 - SUBJECT ADDED ENTRY--TOPICAL TERM
Topical term or geographic name as entry element Marriage
Form subdivision Fiction.
650 #0 - SUBJECT ADDED ENTRY--TOPICAL TERM
Topical term or geographic name as entry element Triangles (Interpersonal relations)
Form subdivision Fiction.
651 #0 - SUBJECT ADDED ENTRY--GEOGRAPHIC NAME
Geographic name Washington (State)
Form subdivision Fiction.
655 #7 - INDEX TERM--GENRE/FORM
Genre/form data or focus term Fantasy fiction.
Source of term gsafd
655 #7 - INDEX TERM--GENRE/FORM
Genre/form data or focus term Young adult fiction.
Source of term lcsh
710 2# - ADDED ENTRY--CORPORATE NAME
Corporate name or jurisdiction name as entry element Copyright Paperback Collection (Library of Congress)
Institution to which field applies DLC
906 ## - LOCAL DATA ELEMENT F, LDF (RLIN)
a 7
b cbc
c copycat
d 2
e ncip
f 20
g y-genrareb
942 ## - ADDED ENTRY ELEMENTS (KOHA)
Source of classification or shelving scheme Dewey Decimal Classification
Koha item type Books
Holdings
Withdrawn status Lost status Source of classification or shelving scheme Damaged status Not for loan Home library Current library Date acquired Total Checkouts Full call number Barcode Date last seen Price effective from Koha item type
    Dewey Decimal Classification     Bunge Tower Library Bunge Tower Library 01/29/2025   813.6MEY 2025/0015 01/29/2025 01/29/2025 Books
LIBRARY OPENING HOURS

When the Parliament is sitting: 8.00a.m - 7.00p.m or until the house adjourns
Mondays and Fridays and when the House is on Recess:  8.00a.m - 5.00p.m
Closed on Weekends and Public Holidays

Online Public Access Catalog (OPAC)
Website: http://www.parliament.go.ke
Bunge Library: https://libraryir.parliament.go.ke
Contact: library@parliament.go.ke | Tel no: (254-2)2221291 or 2848000 Ext 5043